| 000 | 00591nam a2200205 a 4500 | ||
|---|---|---|---|
| 005 | 20210223120717.0 | ||
| 008 | 991125s1978 mx 000 0 spa u | ||
| 020 | _a9682301017 | ||
| 035 | _aUPN01000005925 | ||
| 049 | _aCG | ||
| 050 | 4 |
_aHC182 _bV3.2 1978 |
|
| 100 | 1 | _aVásquez Díaz, Rubén | |
| 245 | 1 | 0 |
_aBolivia a la hora del Che / _cpor Rubén Vásquez Díaz. |
| 260 |
_aMéxico : _bSiglo XXI, _c1978. |
||
| 300 | _a315 p. | ||
| 440 | 0 | _aHistoria inmediata | |
| 651 | 4 |
_aBOLIVIA - _xCONDICIONES ECONOMICAS _95461 |
|
| 651 | 4 |
_aBOLIVIA - _xCONDICIONES SOCIALES _95463 |
|
| 905 | _aLibro | ||
| 999 |
_c5925 _d5925 |
||